000 00852nas a2200253 454500
001 39388
005 20260407193510.0
008 260407s1998####ag###########|||spa#d
003 AR-UNSa-BCEJYS
040 _aAR-UNSa-BCEJYS
_bspa
_cAR-UNSa-BCEJYS
080 _a339.96
_xAyuda al desarrollo como forma de cooperación económica
245 1 0 _aCooperación Sur
264 1 _aNew York :
_bPNUD
_c1998
310 _aFrecuencia: Semestral
041 _aspa
942 _cSER
590 _aniveau_biblio:s niveau_hierar:1
100 1 _aPrograma de las Naciones Unidas para el Desarrollo (PNUD)
650 _aRelaciones internacionales
650 _aCooperación científica
650 _aDesarrollo científico
650 _aECONOMIA INTERNACIONAL
856 4 1 _uhttps://biblioeco.unsa.edu.ar/pmb/images/revistas/R20328.jpg
_yImagen de portada
_qimage/jpeg
999 _c8835
_d8835